The Man Without a Country and Other Tales (Record no. 245123)
[ view plain ]
| 000 -LEADER | |
|---|---|
| fixed length control field | 01248cam a22003133a 4500 |
| 001 - CONTROL NUMBER | |
| control field | 15868 |
| 003 - CONTROL NUMBER IDENTIFIER | |
| control field | PGUSA |
| 005 - DATE AND TIME OF LATEST TRANSACTION | |
| control field | 20140828083335.0 |
| 008 - FIXED-LENGTH DATA ELEMENTS--GENERAL INFORMATION | |
| fixed length control field | 050520s2005||||xxu|||||s|||||000 1 eng d |
| 040 ## - CATALOGING SOURCE | |
| Original cataloging agency | PGUSA |
| Language of cataloging | eng |
| 042 ## - AUTHENTICATION CODE | |
| Authentication code | dc |
| 050 #4 - LIBRARY OF CONGRESS CALL NUMBER | |
| Classification number | PS |
| 100 1# - MAIN ENTRY--PERSONAL NAME | |
| Personal name | Hale, Edward Everett, |
| Dates associated with a name | 1822-1909 |
| 245 14 - TITLE STATEMENT | |
| Title | The Man Without a Country and Other Tales |
| Medium | [electronic resource] / |
| Statement of responsibility, etc | Edward Everett Hale |
| 260 ## - PUBLICATION, DISTRIBUTION, ETC. (IMPRINT) | |
| Name of publisher, distributor, etc | Project Gutenberg, |
| Date of publication, distribution, etc | 2005 |
| 505 0# - FORMATTED CONTENTS NOTE | |
| Formatted contents note | The man without a country -- The last of the Florida -- A piece of possible history -- The south american editor -- The old and the new, face to face -- The dot and line alphabet -- The last voyage of the Resolute -- My double, and how he undid me -- The children of the public -- The skeleton in the closet -- Christmas waits in Boston. |
| 506 ## - RESTRICTIONS ON ACCESS NOTE | |
| Terms governing access | Public domain in the USA. |
| 516 ## - TYPE OF COMPUTER FILE OR DATA NOTE | |
| Type of computer file or data note | Electronic text |
| 653 ## - INDEX TERM--UNCONTROLLED | |
| Uncontrolled term | Stateless persons -- Fiction |
| 653 ## - INDEX TERM--UNCONTROLLED | |
| Uncontrolled term | Burr Conspiracy, 1805-1807 -- Fiction |
| 653 ## - INDEX TERM--UNCONTROLLED | |
| Uncontrolled term | Sea stories |
| 653 ## - INDEX TERM--UNCONTROLLED | |
| Uncontrolled term | Historical fiction |
| 653 ## - INDEX TERM--UNCONTROLLED | |
| Uncontrolled term | Soldiers -- Fiction |
| 653 ## - INDEX TERM--UNCONTROLLED | |
| Uncontrolled term | Short stories, American |
| 653 ## - INDEX TERM--UNCONTROLLED | |
| Uncontrolled term | Exiles -- Fiction |
| 830 #0 - SERIES ADDED ENTRY--UNIFORM TITLE | |
| Uniform title | Project Gutenberg |
| Volume number/sequential designation | 15868 |
| 856 40 - ELECTRONIC LOCATION AND ACCESS | |
| Uniform Resource Identifier | <a href="http://www.gutenberg.org/ebooks/15868">http://www.gutenberg.org/ebooks/15868</a> |
| 942 ## - ADDED ENTRY ELEMENTS (KOHA) | |
| Koha item type | eBooks |
| Withdrawn status | Lost status | Damaged status | Home library | Current library | Date acquired | Total Checkouts | Date last seen | Price effective from | Koha item type |
|---|---|---|---|---|---|---|---|---|---|
| Project Gutenberg | Project Gutenberg | 08/28/2014 | 08/28/2014 | 08/28/2014 | eBooks |